LIBRARY & INFORMATION CENTRE, KCAET, TAVANUR

ONLINE PUBLIC ACCESS CATALOGUE (OPAC)

Impact study of Chamravattom and Kootayi regulator cum bridges (Record no. 15168)

MARC details
000 -LEADER
fixed length control field 00735nam a22002057a 4500
003 - CONTROL NUMBER IDENTIFIER
control field OSt
088 ## - REPORT NUMBER
Report number P 289
100 ## - MAIN ENTRY--AUTHOR NAME
Personal name JOMOL T. JOSEPH
245 ## - TITLE STATEMENT
Title Impact study of Chamravattom and Kootayi regulator cum bridges
260 ## - PUBLICATION, DISTRIBUTION, ETC. (IMPRINT)
Place of publication Tavanur 2014
Name of publisher Department of Land and Water Resources & Conservation Engineering
300 ## - PHYSICAL DESCRIPTION
Number of Pages 90
500 ## - GENERAL NOTE
General note Impact study of Chamravattom and Kootayi regulator cum bridges
520 ## - SUMMARY, ETC.
Summary, etc Impact study of Chamravattom and Kootayi regulator cum bridges
700 ## - ADDED ENTRY--PERSONAL NAME
Personal name Rasmina P
700 ## - ADDED ENTRY--PERSONAL NAME
Personal name Remya V. Mohan
700 ## - ADDED ENTRY--PERSONAL NAME
Personal name Dr. Abdul Hakkim V. M (Guide)
856 ## - ELECTRONIC LOCATION AND ACCESS
Uniform Resource Identifier https://drive.google.com/open?id=1E46Bc4AqNkVyzbGjk59Blldze1ru66jH
942 ## - ADDED ENTRY ELEMENTS (KOHA)
Koha item type Project Report
Holdings
Collection code Home library Current library Shelving location Full call number Accession Number Koha item type
Reference KAUAET KAUAET Reference 631.7 JOM/IM P 289 Project Report
free website counter